| 000 | 00000nam 2200000zi 4500 |
| 001 | 9.868405 |
| 003 | CaOODSP |
| 005 | 20250902140200 |
| 006 | m o d f |
| 007 | cr cn||||||||| |
| 008 | 190215t20192019qucb o f000 0 fre d |
| 020 | |a9780660296180 |
| 040 | |aCaOODSP|bfre|erda|cCaOODSP |
| 043 | |an-cn-nt|an-cn-yk|an-cn--- |
| 086 | 1 |aR31-9/2018F-PDF |
| 110 | 2 |aEntente sur la revendication territoriale globale des Gwich'in. |bComité de mise en œuvre, |eauteur. |
| 245 | 10|aRapport consolidé du Comité mise en œuvre : |bEntente sur la revendication territoriale globale des Gwich'in, 1er avril 2015-31 mars 2018. |
| 264 | 1|a[Gatineau, Québec] : |b[Relations Couronne-Autochtones et affaires du Nord Canada], |c[2019] |
| 264 | 4|c©2019 |
| 300 | |a1 ressource en ligne (20 pages) : |bcarte en couleur |
| 336 | |atexte|btxt|2rdacontent/fre |
| 337 | |ainformatique|bc|2rdamedia/fre |
| 338 | |aressource en ligne|bcr|2rdacarrier/fre |
| 500 | |aPublié aussi en anglais sous le titre : Consolidated report of the Implementation Committee: Gwich'in Comprehensive Land Claim Agreement, April 1, 2015-March 31, 2018; et en gwich'in sous le titre : Gwich'in Guuveenjit Nitr'igwihèe'aa Eenjit Nadhàt kat dagweedi'ìn' diiyah gugwaandak gwi'dinehtł'èe': Gwich'in Nan Eenjit Łagwiinaadhan Tr'igwiłtsaii, April 1, 2015-March 31, 2018. |
| 500 | |a« QS-5395-200-FF-A1. » |
| 630 | 06|aEntente sur la revendication territoriale globale des Gwich'in |d(1992 avril 22) |
| 650 | 6|aAutochtones|zTerritoires du Nord-Ouest|xRéclamations. |
| 650 | 6|aAutochtones|zYukon|xRéclamations. |
| 650 | 6|aAutochtones|xTerres|zTerritoires du Nord-Ouest. |
| 650 | 6|aAutochtones|xTerres|zYukon. |
| 650 | 6|aAutochtones|zTerritoires du Nord-Ouest|xRelations avec l'État. |
| 650 | 6|aAutochtones|zYukon|xRelations avec l'État. |
| 650 | 6|aAutochtones|zCanada|xRelations avec l'État. |
| 650 | 6|aAutochtones|zTerritoires du Nord-Ouest|xTraités. |
| 650 | 6|aAutochtones|zYukon|xTraités. |
| 650 | 6|aAutochtones|zCanada|xTraités. |
| 710 | 1 |aCanada. |bRelations Couronne-Autochtones et affaires du Nord Canada, |eorganisme de publication. |
| 775 | 08|tConsolidated report of the Implementation Committee : |w(CaOODSP)9.868404 |
| 775 | 08|tGwich'in Guuveenjit Nitr'igwihèe'aa Eenjit Nadhàt kat dagweedi'ìn' diiyah gugwaandak gwi'dinehtł'èe' : |w(CaOODSP)9.896960 |
| 776 | 0#|tRapport consolidé du Comité mise en oeuvre entente sur la revendication territoriale globale des Gwich'in, 1er avril 2015-31 mars 2018.|w(CaOODSP)9.868408 |
| 795 | |tRapport consolidé du comité de mise en œuvre des Gwich'in l’entente sur la revendication territoriale globale 2009/10-2014/15 |w(CaOODSP)9.863846 |
| 856 | 40|qPDF|s936 Ko|uhttps://publications.gc.ca/collections/collection_2021/rcaanc-cirnac/R31-9-2018-fra.pdf |